ateez quiz - Statistics

General Stats
  • This quiz has been taken 998 times
  • The average score is 8 of 15
Answer Stats
questions Answer % Correct
fandom called :) atiny
88%
the leader? hongjoong
88%
what company are they under? kq
86%
youngest jongho
85%
debut song pirate king
75%
vocal line yunho, yeosang, seonghwa, san, wooyoung
69%
fanboys of which popular boy group? bts
65%
whos nickname dubbed as "ateez boyfriend material?" yeosang
62%
rap line hongjoong, mingi
41%
"drive the car" choreograph from which song? say my name
40%
weekly idol with what group? oneus
37%
visual line seonghwa, yeosang
20%
how many times is 'hala hala' repeated in 'hala hala' 38
12%
the three main dancers? yunho, wooyoung, san
6%
debut date july 3 2018
1%
No matching quizzes found
Score Distribution
Percent of People with Each Score
Percentile by Number Answered
Your Score History
You have not taken this quiz